000 00459nam a2200169 i 4500
001 bg
100 1 _aBURGHARDT, Henry D.
245 0 _aMachine tool operation.
_nP. 1,
_pSafety, measuring tools, bench work, the drill press, the lathe, forge work.
260 _aNew York,
_c1959.
700 1 _aAXELROD, Aaron
700 1 _aANDERSON, James
040 _cBPK
041 _apol
080 _a621.9
942 _cKS
008 s pl f |000 0 pol
999 _c8321
_d8321
856 _uhttp://koha.tu.koszalin.pl/cgi-bin/koha/opac-detail.pl?biblionumber=8321
_yKatalog online BPK